| 000 | 00433nam a2200145Ia 4500 | ||
|---|---|---|---|
| 005 | 20250429065159.0 | ||
| 008 | 240331s9999 xx 000 0 und d | ||
| 082 |
_bAYY _a294.5 |
||
| 245 | 0 |
_aAyyanar kataipptal : _ba palmleaf ballad on Ayyanar |
|
| 260 |
_aChennai _bTamil Olaisuvadikal Paathukappu Maiyam _c1994 |
||
| 300 | _aVi, 154 p ., | ||
| 500 | _aA Palm-leaf Ballad on Ayyanar | ||
| 700 |
_aThasarathan,A. . Dr _eedt |
||
| 942 | _cL | ||
| 999 |
_c1367 _d1367 |
||